000
00284nam a2200109Ia 4500
008
230907s9999||||xx |||||||||||||| ||und||
082
_a
621.319,SMA
245
0
_a
Smart grid applications and developments/
260
_a
Springer
_b
New York
_c
2014
300
_a
xix, 337p.:
942
_c
BK
999
_c
597776
_d
597776